Tecnología y prácticas de industrias rurales : programa de tecnología y prácticas.

Saved in:
Bibliographic Details
Corporate Author: México. Presidencia de la República Secretaría de Educación Pública
Format: Book
Language:Español
Subjects:
Tags: Add Tag
No Tags, Be the first to tag this record!

MARC

LEADER 00000cam^a2200000uu^4500
001 000489687
005 20250521000000.0
008 032810s1971^^^^^^^^^^^^rd^r^^000^0^spa^d
009 20260310125336.577
035 |a FCE 000032879 
035 |a FCE 022424 
037 |a Acervo ITESO - Biblioteca 
041 |a spa 
082 0 4 |a 373.246  |b SEPt 
110 |a México. Presidencia de la República  |b Secretaría de Educación Pública 
245 1 0 |a Tecnología y prácticas de industrias rurales :  |b programa de tecnología y prácticas. 
264 |a México :  |b EDISA,  |c 1971. 
300 |a 78 p. 
336 |a texto  |b txt  |2 rdacontenido 
337 |a sin mediación  |b n  |2 rdamedio 
338 |a volumen  |b nc  |2 rdasoporte 
649 |a XX 
650 |a Industria 
650 |a Educación rural 
650 |a Plan de estudios 
650 |a Práctica de trabajo 
650 |a Enseñanza agrícola 
650 |a Educación técnica 
910 |a Fondo Centro de Estudios Educativos 
920 |a Impresos - Libros 
930 |a Fondos Especiales 
905 |a 133 
901 |a ALE022424  |b IT2  |c CEE  |u 20250521 
902 |a https://opac.biblio.iteso.mx/vufind/Record/000489687